000 00679ngm a22002530a 4500
001 PT15539
003 AR-LpoUNG
005 20210202000159.0
007 vd cvaizq
008 191001s1943||||ag |||||||||||||||||spa d
037 _c$6.63
040 _aAR-LpoUNG
_bspa
_cAR-LpoUNG
_eaacr
041 _aspa
044 _aag
082 0 _a817 796 v10
245 1 4 _aLos tres chiflados
260 _aBuenos Aires :
_bCobi Films,
_c1943.
300 _aVHS (60 min.) : son., col.
520 _aCaravanas chifladas (1939), Campeones del Oeste (1943), Soy un piel roja (1936).
651 4 _aEstados Unidos de América
653 _aVIDEOS
905 _a15539
942 _cVIDEO
999 _c54269
_d54269